Fundamentals of library and information science / (Record no. 132829)

MARC details
000 -LEADER
fixed length control field 00742nam a22002297a 4500
005 - DATE AND TIME OF LATEST TRANSACTION
control field 20170124110200.0
010 ## - LIBRARY OF CONGRESS CONTROL NUMBER
LC control number A-423372
020 ## - INTERNATIONAL STANDARD BOOK NUMBER
Terms of availability 00.00
035 ## - SYSTEM CONTROL NUMBER
System control number A-423372
037 ## - SOURCE OF ACQUISITION
Source of stock number/acquisition Cen Lib/Ret
040 ## - CATALOGING SOURCE
Original cataloging agency DPL
Language of cataloging EN
082 ## - DEWEY DECIMAL CLASSIFICATION NUMBER
Classification number 020
Item number SUB
100 ## - MAIN ENTRY--PERSONAL NAME
Personal name Subedi, Madhusudan Sharma
9 (RLIN) 35867
245 ## - TITLE STATEMENT
Title Fundamentals of library and information science /
Statement of responsibility, etc by Madhusudan Sharma Subedi
260 ## - PUBLICATION, DISTRIBUTION, ETC. (IMPRINT)
Place of publication, distribution, etc Jaipur
Name of publisher, distributor, etc Nirala Publications
Date of publication, distribution, etc 1990
270 ## - ADDRESS
Address G. P. O. Box 394 Nawab Ka Chauraha, Ghat Gate
City Jaipur
Postal code 302001
300 ## - PHYSICAL DESCRIPTION
Extent 208p.
Dimensions 21cm(Hb)
500 ## - GENERAL NOTE
General note Includes bibliographical references
650 ## - SUBJECT ADDED ENTRY--TOPICAL TERM
Topical term or geographic name as entry element Information science
9 (RLIN) 35868
650 ## - SUBJECT ADDED ENTRY--TOPICAL TERM
Topical term or geographic name as entry element Library science -- Nepal
9 (RLIN) 35869
942 ## - ADDED ENTRY ELEMENTS (KOHA)
Source of classification or shelving scheme Dewey Decimal Classification
Koha item type English Books
Classification part 020
Call number suffix SUB
Holdings
Withdrawn status Lost status Damaged status Not for loan Home library Current library Date acquired Source of acquisition Cost, normal purchase price Total Checkouts Full call number Barcode Date last seen Copy number Cost, replacement price Price effective from Koha item type
        Central Library Central Library 23/07/2015 Cen Lib/Ret 0.00   020 SUB A-423372 23/07/2015 1 0.00 23/07/2015 English Books

© Delhi Public Library
Hit Counter
free hit counter